Applied Mathematics and Computer Science

Enregistré dans:
Détails bibliographiques
Format: Publication en série
Publié: 1996
Tags: Ajouter un tag
Pas de tags, Soyez le premier à ajouter un tag!

MARC

LEADER 00000nas a22000003a 4500
001 stu64589
005 20141122002159.9
008 011106s1996----------------------------d
040 |a STU  |b slo 
041 0
245 |a Applied Mathematics and Computer Science 
260 |c 1996 
500 |a 1-4 
500 |a 4 
773 0 |t Applied Mathematics and Computer Science  |w stu_us_cat*stu58773  |x 0867-857X  |7 nnas 
996 |d Vol. 6, 1996  |v Vol. 6  |y 1996  |l EE0103  |s A  |a 24  |w stu64589_0001